| 000 | 01062nam a2200325 i 4500 | ||
|---|---|---|---|
| 001 | 11753 | ||
| 003 | KOSZ 005 | ||
| 005 | 20220822110328.0 | ||
| 008 | 070620s1969 pl a f 000 0 pol | ||
| 015 | _aPB 1969/5622 | ||
| 040 |
_aWA N _cWA N _dKOSZ 005/RW _dKOSZ 005/HR |
||
| 080 | _a546.3 | ||
| 080 | _a539 | ||
| 080 | _a620.18 | ||
| 100 | 1 |
_aGrabski, Maciej Władysław _d(1934-2016) _eAutor |
|
| 245 | 1 | 0 |
_aStruktura granic ziarn w metalach / _cMaciej Władysław Grabski. |
| 260 |
_aKatowice : _bŚląsk, _c1969. |
||
| 300 |
_a187, [1] s., 1 k. tabl. : _bil. ; _c18 cm. |
||
| 380 | _aKsiążki. | ||
| 490 | 1 | _aBiblioteka Fizyki Metali. | |
| 504 | _aBibliogr. s. 167-185. | ||
| 650 | 4 | _aMetale | |
| 650 | 4 | _aMetalografia | |
| 658 | _aFizyka i astronomia | ||
| 658 | _aInżynieria i technika | ||
| 710 | 2 |
_aWydawnictwo "Śląsk" _4pbl. |
|
| 830 | 0 | _aBiblioteka Fizyki Metali | |
| 856 |
_uhttp://koha.tu.koszalin.pl/cgi-bin/koha/opac-detail.pl?biblionumber=11753 _yKatalog online BPK |
||
| 942 |
_2UKD _cKS |
||
| 999 |
_c11753 _d11753 |
||